Mariano Moreno y las ideas político-constitucionales de su época.

שמור ב:
מידע ביבליוגרפי
מחבר ראשי: Egües, Carlos (autor)
פורמט: ספר
שפה:ספרדית
יצא לאור: Córdoba, República Argentina: Academia Nacional de Derecho y Ciencias Sociales de Córdoba, 2000.
סדרה:Ediciones de la Academia Nacional de Derecho y Ciencias Sociales de Córdoba, XX.
נושאים:
תגים: הוספת תג
אין תגיות, היה/י הראשונ/ה לתייג את הרשומה!

MARC

LEADER 00000nam a2200000 a 4500
001 UCO6586
003 CL-VaPUC
005 20220822114347.0
008 001027e20000000AG |||||||||||||||||spa|d
999 |c 292068  |d 292066 
040 |c Pontificia Universidad Católica de Valparaíso 
082 0 4 |a 923.2 EGU 2000  |2 21 
100 0 |a Egües, Carlos  |e autor  |9 451337 
245 1 0 |a Mariano Moreno y las ideas político-constitucionales de su época. 
260 |a Córdoba, República Argentina:   |b Academia Nacional de Derecho y Ciencias Sociales de Córdoba,   |c 2000. 
300 |a 210 páginas.  
490 0 |a Ediciones de la Academia Nacional de Derecho y Ciencias Sociales de Córdoba, XX.  
500 |a c.2 Donación Familia Prof. Alejandro Guzmán Brito. 
583 |a last modification  |c 20001027 00:00:00  |k Rodrigo Vera 
586 |a Dalmacio Vélez Sársfield. Tesis sobresalientes.  
600 0 |a Moreno, Mariano,  |d 1778-1811  |9 438302  |x Biografía  |x Pensamiento 
650 0 |a Historia de Argentina  |9 319851 
942 |c BK  |2 ddc  |n 0 
945 |d 20001027 00:00:00  |a vberengu 
952 |0 0  |1 0  |4 0  |6 923_200000000000000_EGU_2000  |7 0  |8 P  |9 342620  |a BIBDER  |b BIBDER  |d 2019-11-20  |i 3649385  |o 923.2 EGU 2000  |p 3649385  |r 2023-01-25  |w 2019-11-20  |y BK  |k DER